00777nam a2200241Ia 4500003000400000005001700004008004000021020001800061040000700079041001200086082001600098100003200114245004700146250000700193260003500200300001700235650003000252690003200282906001100314942001200325999001900337952017900356OSt20220528092053.0210210b2004 xxu||||| |||| 00| 0 eng d a81 297 0256 8 cAL aEnglish a658.83 MALM aMALHOTRA (Naresh K).939401 aMarketing research: an applied orientation a14 aDelhibPearson Educationc2004 axxix,713,121 aMarketing research939402 aMarketing Management939403 a059529 2ddccBK c106568d106568 001040708ManagementaALbALcManagementd2021-02-17eHigginbothams (P) Ltd., Mangalore 01.g375.00l2o658.83 MALMp059529r2022-10-17 00:00:00s2022-07-21w2021-02-17yBK